000 00302nam a22001337a 4500
008 170905b xxu||||| |||| 00| 0 eng d
020 _a9780201550863
041 _aeng
080 _23 ED
_a070
100 _a40
101 _aMED
245 _aCONCEPTUAL BLOCKBUSTING
_cADAMS.J.L
942 _2udc
_cBK
999 _c26198
_d26198